000 00444nam a2200145Ia 4500
001 920
008 241024s9999 xx 000 0 und d
082 _aRD/372/R426t
100 _aRepública Dominicana.Secretaría de Estado de Educación
245 0 _aTaller de preparación hacia la conformación de la mesa consultiva de primera infancia
260 _bSanto Domingo
_c2008
590 _asi
901 _a9/12/2010 1:22:44 p.m.
999 _c8565
_d8565